Can't feel my face - The weeknd Lyrics - Statistics

General Stats
  • This quiz has been taken 644 times
    643 since last reset
  • The average score is 204 of 239
Answer Stats
Answer % Correct
I
100%
can't
97%
you
97%
face
96%
feel
96%
it"
96%
it
96%
my
96%
with
96%
love
95%
when
95%
I'm
94%
but
93%
But
93%
be
92%
and
91%
And
91%
me
91%
she
91%
She
91%
the
91%
know
90%
to
89%
of
88%
we
88%
death
85%
"don't
83%
she'll
83%
worry
83%
about
82%
best
82%
both
82%
no
82%
told
82%
come
81%
oh
81%
yet
80%
go
79%
is
79%
more"
79%
always
78%
get
78%
without
78%
worst
78%
never
77%
we'll
74%
alone
73%
young
72%
forever
71%
this
71%
you'll
70%
beautiful
68%
stay
68%
numb
67%
atleast
65%
in
63%
all
51%
deep
51%
misery
45%
were
44%
necessary
41%
girl
36%
was
35%
woah
11%
No matching quizzes found
Score Distribution
Percent of People with Each Score
Percentile by Number Answered
Your Score History
You have not taken this quiz since the last reset